Countries by Landmarks - Statistics

General Stats
  • This quiz has been taken 28 times
  • The average score is 13 of 20
Answer Stats
Landmark Country % Correct
Arc de Triomphe France
100%
Taj Mahal India
100%
Tower of Pisa Italy
100%
Mount Rushmore United States
100%
Parthenon Greece
92%
Mt. Fuji Japan
92%
Christ the Redeemer Brazil
83%
Neuschwanstein Castle Germany
83%
Angkor Wat Cambodia
79%
St. Basil's Cathedral Russia
79%
Moai Statues Chile
67%
Table Mountain South Africa
63%
Guggenheim Museum Spain
58%
Iguazu Falls Argentina
54%
Kaaba Saudi Arabia
54%
Nyhavn Denmark
33%
Bran Castle Romania
25%
Sanctuary of Las Lajas Colombia
21%
Great Mosque of Djenné Mali
17%
Chapel Bridge Switzerland
4%
No matching quizzes found
Score Distribution
Percent of People with Each Score
Percentile by Number Answered
Your Score History
You have not taken this quiz